[Event "Lima Palma Memorial 2nd"]
[Site "Lima"]
[Date "2016.09.25"]
[Round "6.3"]
[White "Gamarra, Eduardo"]
[Black "Gomez Huaraya, Jesus Miguel"]
[Result "1/2-1/2"]
[WhiteElo "1931"]
[BlackElo "1629"]
[PlyCount "92"]
[EventDate "2016.09.09"]
[EventType "swiss"]
[EventRounds "7"]
[EventCountry "PER"]
[SourceTitle "EXT 2024"]
[Source "ChessBase"]
[SourceDate "2023.10.10"]
[SourceVersion "1"]
[SourceVersionDate "2023.10.10"]
[SourceQuality "1"]

1. e4 c5 2. Nf3 Nc6 3. d3 g6 4. g3 Bg7 5. Bg2 Nf6 6. 0-0 0-0 7. c3 d6 8. Re1 h6 9. Nbd2 e5 10. a3 a5 11. a4 Be6 12. Nc4 Qe7 13. Qe2 Rae8 14. Qf1 Kh7 15. Nfd2 Nd7 16. Ne3 Qd8 17. Ndc4 Qb8 18. Nd5 f5 19. exf5 gxf5 20. f4 Bg8 21. Bd2 Nf6 22. Nxf6+ Rxf6 23. Nb6 Qc7 24. Nd5 Bxd5 25. Bxd5 Ne7 26. Bg2 Ng6 27. c4 b6 28. h4 Ne7 29. Qf3 Rff8 30. Bc3 Ng8 31. Re2 Bf6 32. Rae1 Kh8 33. Bh3 Bg7 34. Qh5 Nf6 35. Qg6 Ng4 36. Bxg4 fxg4 37. Qxg4 Qf7 38. Rf1 h5 39. Qf3 Re6 40. f5 Rf6 41. Ref2 Bh6 42. Kh2 Rg8 43. Qc6 Qg7 44. Rf3 Rb8 45. Qd5 Rg8 46. Qc6 Rb8 1/2-1/2

[Event "Santiago del Surco IRT Ricardo Palma"]
[Site "Santiago del Surco"]
[Date "2016.07.22"]
[Round "5.2"]
[White "Gomez Huaraya, Jesus Miguel"]
[Black "Gamarra, Eduardo"]
[Result "0-1"]
[WhiteElo "1635"]
[BlackElo "1932"]
[PlyCount "105"]
[EventDate "2016.07.18"]
[EventType "swiss"]
[EventRounds "7"]
[EventCountry "PER"]
[SourceTitle "EXT 2024"]
[Source "ChessBase"]
[SourceDate "2023.10.10"]
[SourceVersion "1"]
[SourceVersionDate "2023.10.10"]
[SourceQuality "1"]

1. d4 Nf6 2. Nf3 e6 3. e3 b6 4. Bd3 Bb7 5. 0-0 Be7 6. b3 0-0 7. Bb2 Ne4 8. Nfd2 f5 9. f3 Nf6 10. Qe2 Nd5 11. c4 Nb4 12. Nc3 Nxd3 13. Qxd3 d6 14. Ne2 Qd7 15. e4 f4 16. g3 Bg5 17. h4 Bh6 18. g4 g6 19. Kg2 Bg7 20. Rab1 e5 21. d5 Na6 22. a3 Nc5 23. Qc2 a5 24. Ba1 Bc8 25. Rh1 Qe7 26. b4 Nb7 27. Nb3 a4 28. Nd2 h6 29. Nc1 Bf6 30. h5 Bh4 31. hxg6 Qg5 32. Rxh4 Qxh4 33. Ne2 Qg5 34. Kf2 h5 35. Rh1 hxg4 36. g7 g3+ 37. Kg2 Kxg7 38. Ng1 Rh8 39. Rxh8 Kxh8 40. c5 Qh5 41. Nf1 bxc5 42. Qc4 Qf7 43. bxc5 Nxc5 44. Bxe5+ dxe5 45. Qxc5 Ba6 46. Qc3 Qg7 47. Nd2 Rb8 48. Nh3 Bc8 49. Ng1 Kg8 50. Qa1 Qh6 51. Nf1 Ba6 52. Qa2 Bxf1+ 53. Kxf1 0-1

[Event "Santiago del Surco IRT Ricardo Palma"]
[Site "Santiago del Surco"]
[Date "2016.07.19"]
[Round "2.1"]
[White "Gamarra, Eduardo"]
[Black "Reynaga, Roland"]
[Result "1-0"]
[WhiteElo "1932"]
[BlackElo "1650"]
[PlyCount "77"]
[EventDate "2016.07.18"]
[EventType "swiss"]
[EventRounds "7"]
[EventCountry "PER"]
[SourceTitle "EXT 2024"]
[Source "ChessBase"]
[SourceDate "2023.10.10"]
[SourceVersion "1"]
[SourceVersionDate "2023.10.10"]
[SourceQuality "1"]

1. e4 e5 2. Nc3 Nf6 3. Bc4 Nc6 4. d3 Bb4 5. Bd2 0-0 6. Nge2 Na5 7. a3 Nxc4 8. dxc4 Be7 9. 0-0 c6 10. Bg5 Nxe4 11. Bxe7 Nxc3 12. Qd6 Nxe2+ 13. Kh1 Qe8 14. Bxf8 Nd4 15. Be7 Nf5 16. Qxe5 Nxe7 17. Rae1 Kf8 18. Qd6 f6 19. Re2 Kf7 20. Rfe1 Nf5 21. Qf4 Ne7 22. Rxe7+ Qxe7 23. Rxe7+ Kxe7 24. Qe4+ Kf7 25. Qxh7 d6 26. Qh5+ Kf8 27. Qh8+ Kf7 28. Qd8 d5 29. cxd5 cxd5 30. Qxd5+ Kg6 31. Qd8 b5 32. Qe8+ Kh6 33. Qc6 Rb8 34. Qc7 Ra8 35. Qf4+ g5 36. Qxf6+ Kh7 37. Qxg5 Ba6 38. Qh5+ Kg7 39. Qe5+ 1-0

[Event "Lima Morales Memorial op 3rd"]
[Site "Lima"]
[Date "2013.??.??"]
[Round "3"]
[White "Gamarra, Eduardo"]
[Black "Palao, Adriana"]
[Result "1-0"]
[WhiteElo "2046"]
[BlackElo "1610"]
[PlyCount "119"]
[EventDate "2013.02.02"]
[EventType "swiss"]
[EventRounds "11"]
[EventCountry "PER"]
[SourceTitle "CBM 153 Extra"]
[Source "ChessBase"]
[SourceDate "2013.04.22"]
[SourceVersion "1"]
[SourceVersionDate "2013.04.22"]
[SourceQuality "1"]

1. e4 c5 2. Nf3 e6 3. d3 a6 4. g3 Nc6 5. Bg2 g6 6. 0-0 Bg7 7. Re1 Nge7 8. Nbd2 0-0 9. c3 Qc7 10. Qe2 d6 11. Nf1 b5 12. h4 Bb7 13. h5 Ne5 14. Ng5 d5 15. f4 Nd7 16. hxg6 hxg6 17. Qg4 Nf6 18. Qh3 dxe4 19. dxe4 Rfd8 20. Bf3 c4 21. Be3 Rd3 22. Rad1 Nc6 23. e5 Nd5 24. Rxd3 cxd3 25. Nxe6 Qd7 26. Ng5 Qxh3 27. Nxh3 Nxe3 28. Nxe3 Rd8 29. Rd1 Na5 30. Bxb7 Nxb7 31. Nf2 Nc5 32. Neg4 d2 33. Kf1 Na4 34. Ke2 Nxb2 35. Rxd2 Rxd2+ 36. Kxd2 Nc4+ 37. Kd3 Kf8 38. Ne4 Ke7 39. Kd4 Bf8 40. Nc5 a5 41. a4 Na3 42. Ne3 Ke8 43. Nb7 bxa4 44. Nxa5 Nb1 45. Kd3 a3 46. Nb3 a2 47. Nc2 Kd7 48. Nc1 Bc5 49. Nxa2 Bf2 50. g4 Bg3 51. Ke4 Nd2+ 52. Ke3 Nc4+ 53. Kf3 Bh2 54. Ne3 Nxe3 55. Kxe3 g5 56. fxg5 Bxe5 57. Ke4 Ke6 58. c4 Bb2 59. c5 Bc1 60. Nxc1 1-0

[Event "Lima Morales Memorial op 3rd"]
[Site "Lima"]
[Date "2013.??.??"]
[Round "5"]
[White "Gamarra, Eduardo"]
[Black "Uceda, Jose"]
[Result "1-0"]
[WhiteElo "2046"]
[BlackElo "1865"]
[PlyCount "87"]
[EventDate "2013.02.02"]
[EventType "swiss"]
[EventRounds "11"]
[EventCountry "PER"]
[SourceTitle "CBM 153 Extra"]
[Source "ChessBase"]
[SourceDate "2013.04.22"]
[SourceVersion "1"]
[SourceVersionDate "2013.04.22"]
[SourceQuality "1"]

1. e4 d5 2. exd5 Nf6 3. Bb5+ Bd7 4. Be2 Nxd5 5. d4 Bf5 6. Nf3 e6 7. 0-0 Be7 8. a3 0-0 9. c4 Nb6 10. Nc3 N8d7 11. h3 Re8 12. Be3 a6 13. b4 Bf6 14. Rc1 Rc8 15. Qb3 e5 16. d5 e4 17. Nd4 Bxd4 18. Bxd4 Ne5 19. c5 Nbd7 20. Rcd1 Qg5 21. Na4 Nd3 22. Bxd3 exd3 23. f4 Qg6 24. Rf3 Re2 25. Bf2 d2 26. Rc3 Rce8 27. Nb2 Nf6 28. Qc4 R8e4 29. Qd3 R4e3 30. Qxe3 Rxe3 31. Rxe3 Ne4 32. Rxd2 h5 33. Rd4 Qf6 34. Rexe4 Bxe4 35. Rxe4 Qxb2 36. Rd4 Kf8 37. d6 cxd6 38. cxd6 Qc1+ 39. Kh2 Qc8 40. d7 Qd8 41. a4 f6 42. Bg1 b6 43. a5 bxa5 44. bxa5 1-0

[Event "Lima Morales Memorial op 3rd"]
[Site "Lima"]
[Date "2013.??.??"]
[Round "7"]
[White "Mieses, Bruce"]
[Black "Gamarra, Eduardo"]
[Result "1-0"]
[WhiteElo "1821"]
[BlackElo "2046"]
[PlyCount "117"]
[EventDate "2013.02.02"]
[EventType "swiss"]
[EventRounds "11"]
[EventCountry "PER"]
[SourceTitle "CBM 153 Extra"]
[Source "ChessBase"]
[SourceDate "2013.04.22"]
[SourceVersion "1"]
[SourceVersionDate "2013.04.22"]
[SourceQuality "1"]

1. d4 Nf6 2. c4 g6 3. Nc3 Bg7 4. g3 d6 5. Bg2 0-0 6. e3 a6 7. Nge2 Nc6 8. 0-0 Bd7 9. b3 e5 10. Bb2 Rb8 11. Qd2 Ng4 12. Nd5 Ne7 13. Rac1 c6 14. Ndc3 Re8 15. Rfd1 Be6 16. Ne4 Nf5 17. h3 Ngh6 18. Qc2 Qc7 19. d5 Bd7 20. dxc6 Bxc6 21. N2c3 Rbd8 22. Nd5 Bxd5 23. cxd5 Qe7 24. Qc7 Rd7 25. Qb6 f6 26. Rc2 Nf7 27. Rdc1 Red8 28. Ba3 N5h6 29. b4 f5 30. Nd2 e4 31. b5 Ne5 32. Bf1 Nhf7 33. bxa6 bxa6 34. Bxa6 Ng5 35. Bc8 Nd3 36. Bxd7 Nxc1 37. Bb5 Nd3 38. Bxd3 exd3 39. Rc1 Nxh3+ 40. Kg2 Ng5 41. Qb3 Ne4 42. Qxd3 Ra8 43. Nc4 Qa7 44. Bxd6 Qxa2 45. Rc2 Qb1 46. Nd2 Nxd2 47. Rxd2 Qe1 48. Rd1 Qa5 49. Bf4 h6 50. e4 fxe4 51. Qxe4 g5 52. Be3 Rf8 53. d6 Rd8 54. d7 Qb5 55. Qd5+ Qxd5+ 56. Rxd5 Bf6 57. Bb6 Rb8 58. d8Q+ Bxd8 59. Rxd8+ 1-0